000 00420cam a22001097a 4500
008 180718b1935 xxu||||| |||| 00| 0 eng d
082 _aT394x54 In2tw
245 _aReport of the Indian Tariff Board on the woollen textile industry
_cby Indian Tariff Board on the woollen textile industry
260 _aDelhi
_bManager of Publications
_c1935
300 _a120+p
700 _aIndian Tariff Board on the woollen textile industry
999 _c423658
_d423658